[Event "Zaragoza Artistica op"]
[Site "Zaragoza"]
[Date "2013.05.11"]
[Round "7"]
[White "Calvo Sanz, Juan Alberto"]
[Black "Galvez Perez, Jose Luis"]
[Result "0-1"]
[WhiteElo "1716"]
[BlackElo "1919"]
[PlyCount "68"]
[EventDate "2013.04.13"]
[EventType "swiss"]
[EventRounds "9"]
[EventCountry "ESP"]
[SourceTitle "CBM 154 Extra"]
[Source "ChessBase"]
[SourceDate "2013.06.25"]
[SourceVersion "2"]
[SourceVersionDate "2013.06.25"]
[SourceQuality "1"]

1. e4 g6 2. g3 Bg7 3. Bg2 c5 4. c4 Nc6 5. Ne2 e6 6. Nbc3 Nge7 7. 0-0 0-0 8. d3 a6 9. a4 Rb8 10. Bf4 d6 11. Rb1 Qc7 12. Be3 Rd8 13. Qd2 Nb4 14. b3 d5 15. d4 dxc4 16. bxc4 Nec6 17. d5 Na5 18. Qc1 Nxc4 19. Rd1 Nxe3 20. fxe3 e5 21. Qd2 Rd6 22. Na2 Nxa2 23. Qxa2 b5 24. Rdc1 Bd7 25. Qc2 c4 26. Qc3 Qc5 27. Kf2 Bh6 28. Rc2 Re8 29. Ng1 f5 30. Ke2 f4 31. exf4 exf4 32. Kf3 b4 33. Rxb4 Qxg1 34. Rf2 Qd1+ 0-1